| 000 | 01156nam a22002657a 4500 | ||
|---|---|---|---|
| 005 | 20260526144314.0 | ||
| 008 | 230411s2022 ck |||gr|||| 00| 0 spa d | ||
| 020 | _a9786287529168 | ||
| 040 |
_aCO-BoUCM _bspa _cStefania Borbon (Modificó) _dDeissy Garcia |
||
| 041 | 0 | _aspa | |
| 100 |
_aEcheverria Quintanilla, Eudoro _9189447 |
||
| 245 | 0 | 3 |
_aEl incidente de nulidad contra sentencias de la corte constitucional / _ccoordinador académico Eudoro Echeverri Quintana |
| 246 | _aThe incident of nullity against judgements of the constitutional court | ||
| 260 |
_aMedellín; _bDiké; _bUniversidad Santiago de Cali, _c2022 |
||
| 300 | _a130 páginas | ||
| 504 | _aIncluye referencias bibliográficas | ||
| 650 | 7 |
_920601 _aNulidad (Derecho) _xAspectos constitucionales |
|
| 650 | 0 |
_950242 _aControl de constitucionalidad _zColombia |
|
| 651 |
_aColombia _xCorte Constitucional _950243 |
||
| 700 | 1 |
_aZuniga Cañón, Claudia Liliana _eeditor _9189448 |
|
| 700 | 1 |
_aAdrade Agudelo, Doris Lilia _9189449 |
|
| 700 | 1 |
_aOrdoñez, Javier Eduardo _9189450 |
|
| 942 |
_2DEWEY _a8 _cLIBRO _e1 _h342.8610664 _mI372 _n0 |
||
| 999 |
_c322524 _d322524 |
||